Music of the 50's, when Dinosaurs Roamed the Earth - Statistics

General Stats
  • This quiz has been taken 87 times
  • The average score is 7 of 20
Answer Stats
Hint Answer % Correct
Elvis 57: Everybody in the whole cell block Was dancin' to the _________ ____ Jailhouse Rock
96%
Johnny Cash 57: I keep a close watch on this heart of mine I keep my eyes wide open all the time I keep the ends out for the tie that binds Because you're mine, _ ____ ___ ____ I Walk The Line
74%
Elvis 56: ____ __ ______ love me sweet Never let me go You have made my life complete And I love you so Love Me Tender
69%
Fats Domino 56: Though we're apart, you're part of me still For you were my thrill on _________ ____ Blueberry Hill
63%
Hank Williams 51:Say ___, ____ ______' - what ya got cookin'? How's about cooking somethin' up with me? Hey, Good Lookin'
51%
Sam Cooke 57: At first I thought it was infatuation But, woo, it's lasted so long Now I find myself wanting To marry you and take you home, whoa You, you, you, ___ ____ __ You Send Me
41%
Patti Page 50: I was dancing with my darling to ___ _________ _____ When an old friend I happened to see Introduced her to my loved one and while they were dancing My friend stole my sweetheart from me The Tennessee Waltz
37%
Paul Anka 59: ___ ____ ____ __ __ ________ Hold me in your arms, baby Squeeze me oh so tight Show me that you love me too Put Your Head On My Shoulder
35%
Nat King Cole 50: You're so like the lady with the mystic smile Is it only 'cause you're lonely they have blamed you? For that ____ ____ strangeness in your smile? Mona Lisa
34%
Ella 56: Birds do it, bees do it Even educated fleas do it, ___’_ __ __ let's fall in love Let's Do It
32%
Louis Armstrong 56: On the sidewalk, sunny morning, baby Lies a body oozin' life Someone's sneakin' 'round the corner Is this someone____ ___ _____? Mack The Knife
31%
Dean Martin 55: Take one fresh and tender kiss Add one stolen night of bliss One girl, one boy some grief, some joy ________ ___ ____ __ ____ Memories Are Made Of This
31%
Patsy Cline 57: I go out ______ _____ ________ Out in the moonlight Just like we used to do, Walkin' After Midnight
31%
The Crests 58: _______ _______ Make a lovely light But not as bright as your eyes tonight Sixteen Candles
24%
The Ventures 58: _______ (one word lyric) Tequila
24%
Sinatra 53: I said to myself this affair it never will go so well But why should I try to resist when baby I know so well _’__ ___ ___ _____ __ ____ I've Got You Under My Skin
22%
Johnny Mathis 57: In the magic of moonlight when I sigh, hold me close, dear _______ ___ you believe the stars that fill the skies are in my eyes Chances Are
21%
Four Aces 55: ____ __ _ ____ __________ _____ t's the April rose that only grows in the early Spring Love is nature's way of giving a reason to be living The golden crown that makes a man a king Love Is A Many-Splendored Thing
13%
Perez Prado 55: (no lyric) Cherry Pink And Apple Blossom White
10%
Tony Bennett 51: _______ __ ___ there's a song in my heart _______ __ ___ my romance had its start _______ __ ___ the sun will shine Because Of You
6%
No matching quizzes found
Score Distribution
Percent of People with Each Score
Percentile by Number Answered
Your Score History
You have not taken this quiz